As sheep to the slaughter? / (Record no. 31190)

MARC details
000 -LEADER
fixed length control field 00586cam a22002051a 4500
001 - CONTROL NUMBER
control field he 65000878
003 - CONTROL NUMBER IDENTIFIER
control field DLC
005 - DATE AND TIME OF LATEST TRANSACTION
control field 20260227111431.0
008 - FIXED-LENGTH DATA ELEMENTS--GENERAL INFORMATION
fixed length control field 810619s1962 is 000 0 eng
010 ## - LIBRARY OF CONGRESS CONTROL NUMBER
LC control number he 65000878
035 ## - SYSTEM CONTROL NUMBER
System control number (OCoLC)7515974
040 ## - CATALOGING SOURCE
Original cataloging agency DLC
Transcribing agency FU
Modifying agency FU
-- DLC
042 ## - AUTHENTICATION CODE
Authentication code premarc
050 00 - LIBRARY OF CONGRESS CALL NUMBER
Classification number D810.J4
Item number S453
100 1# - MAIN ENTRY--PERSONAL NAME
Personal name Shabtai, K.
245 10 - TITLE STATEMENT
Title As sheep to the slaughter? /
Statement of responsibility, etc. by K. Shabbetai ; with a foreword by Gideon Hausner.
260 ## - PUBLICATION, DISTRIBUTION, ETC.
Place of publication, distribution, etc. Bet Dagan, Israel :
Name of publisher, distributor, etc. Keshev Press,
Date of publication, distribution, etc. 1962.
300 ## - PHYSICAL DESCRIPTION
Extent 75 p. ;
Dimensions 21 cm.
650 #0 - SUBJECT ADDED ENTRY--TOPICAL TERM
Topical term or geographic name entry element World War, 1939-1945
General subdivision Jews.

No items available.

Powered by Koha